Представление документа в формате RUSMARC

ПолеНазваниеЗначение
  Тип записи a
  Библиографический уровень a
001 Контрольный номер RU/CBS_UL/BASE/555114033
005 Дата корректировки 20240209175214.9
100 Данные общей обработки __
a Данные общей обработки 20170803d2017 ||| 0rusy0189 ca
101 Язык документа 0_
a Язык текста rus
102 Страна публикации __
a Страна публикации RU
105 Кодированные данные (монография) __
a Кодированные данные (монография) y###||||000|y
200 Заглавие и сведения об ответственности 1_
a Заглавие Книжный парад
b Общее обозначение материала Текст
e Сведения, относящиеся к заглавию [о книжном фестивале "Красная площадь" в 2017 году]
f Первые сведения об ответственности М. Портнягина
300 Общие примечания __
a Общие примечания Ограничения по возрасту - 16+
461 Уровень набора _0
1 2000
a Огонёк
463 Уровень физической единицы _0
1 001RU/CBS_UL/BASE/550855201
1 2000
a № 22 (5 июня)
v С. 35.
1 210
d 2017
606 Тематические рубрики 0_
a Основная рубрика Книжные фестивали - Москва, город
y Географическая подрубрика Москва, город
610 Ключевые слова 0_
a Ключевые слова книжные фестивали
a Ключевые слова фестивали
a Ключевые слова досуг
a Ключевые слова Красная площадь (фестивали)
a Ключевые слова книги
686 Индексы других классификаций __
a Классификационный индекс 77.056
2 Код системы ББК
700 Автор _1
a Фамилия Портнягина
b Имя (инициалы) М.
801 Источник записи _0
a Страна RU
b Организация МБУК ЦБС г. Ульяновска
c Дата составления 20170803
g Правила каталогизации RCR
801 Источник записи _1
a Страна RU
b Организация МБУК ЦБС г. Ульяновска
c Дата составления 20170803
g Правила каталогизации RCR
901 Тип документа __
t Тип документа b
w Контрольный № источника RU/CBS_UL/BASE/550855201
910 Корректоры записи __
a Корректор записи Библиотека 8
938 Служебная информация __
a Имя БД period